[Event "Styrian Open A 2013"]
[Site "Bad Gleichenberg AUT"]
[Date "2013.07.09"]
[Round "4.17"]
[White "Ofner,Maximilian"]
[Black "Sebenik,M"]
[Result "0-1"]
[WhiteElo "1973"]
[BlackElo "2511"]

1.e4 c5 2.Nf3 Nc6 3.Bb5 e6 4.Bxc6 bxc6 5.b3 Ne7 6.Bb2 f6 7.Nh4 e5 8.O-O d6
9.f4 exf4 10.Rxf4 Be6 11.d3 Ng6 12.Nxg6 hxg6 13.Nd2 Be7 14.Rf1 Qd7 15.Nf3 g5
16.d4 d5 17.exd5 Bxd5 18.c4 Bxf3 19.Rxf3 O-O-O 20.d5 cxd5 21.cxd5 Qxd5 22.Qe2 Bd6
23.g3 c4 24.bxc4 Bc5+ 25.Kg2 Qd2 26.Rf2 Bxf2 27.Qe6+ Qd7 28.Qa6+ Qb7+  0-1

[Event "ch-IRL 2013"]
[Site "Limerick IRL"]
[Date "2013.07.09"]
[Round "5.4"]
[White "Hughes,John L"]
[Black "Orr,M"]
[Result "0-1"]
[WhiteElo "2046"]
[BlackElo "2247"]

1.e4 c5 2.Nf3 Nc6 3.Bb5 g6 4.O-O Bg7 5.c3 e5 6.Na3 Nge7 7.Nc4 d6 8.d4 cxd4
9.cxd4 O-O 10.Be3 Bg4 11.d5 Nd4 12.Bxd4 exd4 13.Ncd2 f5 14.h3 Bxf3 15.Qxf3 Qb6
16.Bd7 Qxb2 17.Nc4 Qc3 18.Be6+ Kh8 19.Nxd6 Qxf3 20.gxf3 h6 21.Rac1 Be5 22.Nf7+ Rxf7
23.Bxf7 Rf8 24.Be6 fxe4 25.fxe4 g5 26.a4 Kg7 27.a5 Kf6 28.Rb1 Rb8 29.Rb5 Ng6
30.Rfb1 Nf4 31.Rxb7 Rxb7 32.Rxb7 d3 33.Bg4 h5 34.Bd1 Bd4 35.d6 Nxh3+ 36.Kf1 Nxf2
37.Bb3 Nxe4 38.Rf7+ Kg6 39.d7 Nd2+ 40.Ke1 Nxb3 41.Rf8 Bc3+ 42.Kd1 Bxa5 43.Rc8 h4
44.Rc3 Nd4 45.Rxd3 Ne6 46.Rd6 Kf6 47.Ke2 g4 48.Kf2 Bb6+ 49.Kg2 h3+ 50.Kg3 Bc7
51.d8=Q+ Bxd8 52.Kxg4 h2 53.Rd1 Bb6 54.Kg3 Bg1 55.Kg2 Ke7 56.Ra1 Kd7 57.Rxa7+ Bxa7
58.Kxh2 Kd6 59.Kg3 Ke5 60.Kf3 Kf5 61.Ke2 Ke4 62.Kd2 Bd4 63.Kc2 Nc5 64.Kd2 Kf3
65.Ke1 Nb3 66.Kf1 Nd2+ 67.Ke1 Ke3 68.Kd1 Kd3 69.Ke1 Bc5 70.Kd1 Bf2 71.Kc1 Nc4
72.Kd1 Nb2+ 73.Kc1 Kc3 74.Kb1 Kb3 75.Kc1 Be3+ 76.Kb1 Nc4 77.Ka1 Bf4 78.Kb1 Na3+  0-1

[Event "6th ch-Cent SRB Int 2013"]
[Site "Paracin SRB"]
[Date "2013.07.09"]
[Round "5.2"]
[White "Damljanovic,B"]
[Black "Stojanovski,D"]
[Result "1-0"]
[WhiteElo "2544"]
[BlackElo "2439"]

1.Nf3 c5 2.e4 Nc6 3.Bb5 g6 4.O-O Bg7 5.Re1 e5 6.Bxc6 dxc6 7.d3 Bg4 8.Be3 Qe7
9.Nbd2 Nf6 10.h3 Bxf3 11.Nxf3 Nd7 12.Qd2 O-O 13.a4 a5 14.Bh6 Rfe8 15.Nh2 Bxh6
16.Qxh6 f6 17.Ng4 Qg7 18.Qxg7+ Kxg7 19.Ne3 b5 20.b3 Nb6 21.Ra2 Ra7 22.g3 Kf7
23.Kg2 Ke6 24.f4 Rd8 25.f5+ Ke7 26.h4 Kf7 27.Rea1 bxa4 28.bxa4 Rd4 29.Kf3 Rad7
30.Ra3 Rb4 31.g4 c4 32.fxg6+ hxg6 33.h5 Kg7 34.hxg6 Kxg6 35.Rh1 cxd3 36.cxd3 Nxa4
37.Nf5 Rh7 38.Rxh7 Kxh7 39.Ke3 c5 40.Ne7 Nb6 41.Rxa5 c4 42.Ra7 Kh8 43.g5 fxg5
44.Ng6+ Kg8 45.Nxe5 cxd3 46.Kxd3 Na4 47.Nd7 g4 48.e5 g3 49.e6 Rb3+ 50.Kd2 Rb2+
51.Ke3 Kg7 52.Rxa4  1-0

[Event "6th ch-Cent SRB Int 2013"]
[Site "Paracin SRB"]
[Date "2013.07.09"]
[Round "6.30"]
[White "Persson,R"]
[Black "Sorgic,D"]
[Result "0-1"]
[WhiteElo "2175"]
[BlackElo "2265"]

1.e4 c5 2.Nf3 Nc6 3.Bb5 d6 4.Bxc6+ bxc6 5.h3 e5 6.O-O Nf6 7.b4 cxb4 8.a3 bxa3
9.d4 Nd7 10.Nxa3 Ba6 11.c4 Be7 12.Bb2 f6 13.Qa4 Qc8 14.Nc2 Bb7 15.c5 O-O
16.Rfb1 dxc5 17.dxe5 Nb6 18.Qb3+ c4 19.Qe3 c5 20.Nd2 fxe5 21.Bxe5 Qe6 22.Qc3 Bf6
23.Bxf6 Rxf6 24.f3 Rg6 25.Kf2 Rd8 26.Ne1 Qd6 27.Nf1 Rf8 28.Ke2 Re6 29.Rxa7 Qb8
30.Rba1 Rf7 31.Kd1 Rd7+ 32.Kc1 Red6 33.Ne3 Rd4 34.R7a2 Qf4 35.Nc2 Rd3 36.Qe1 c3
37.Kb1 Nc4 38.Ra8+ Kf7 39.Nd5 Bxd5 40.exd5 Rb7+ 41.Nb4 Rxb4+ 42.Kc2 Rd2+  0-1

[Event "36th Barbera Open"]
[Site "Barbera del Valles ESP"]
[Date "2013.07.10"]
[Round "7.28"]
[White "Diaz Camallonga,C"]
[Black "Castells Briones,M"]
[Result "1-0"]
[WhiteElo "2216"]
[BlackElo "1959"]

1.e4 c5 2.Nf3 Nc6 3.Bb5 e6 4.O-O Nge7 5.Re1 Qc7 6.Nc3 a6 7.Bxc6 Nxc6 8.d4 cxd4
9.Nxd4 Be7 10.Nxc6 dxc6 11.e5 O-O 12.Qg4 f5 13.Qg3 Bd7 14.Bg5 Be8 15.Bxe7 Qxe7
16.Ne2 Rd8 17.Nf4 Bf7 18.Rad1 Qc5 19.Rxd8 Rxd8 20.Qc3 Qxc3 21.bxc3 g5 22.Nd3 Rd5
23.Rb1 Ra5 24.Rb2 b6 25.Nc1 f4 26.Kf1 Bg6 27.Ke2 Ra4 28.Rb4 Rxb4 29.cxb4 Bxc2
30.f3 Kf7 31.Kd2 Bb1 32.Kc3 Kg6 33.Kd4 Kf5 34.a3 h5 35.Ne2 g4  1-0

[Event "36th Barbera Open"]
[Site "Barbera del Valles ESP"]
[Date "2013.07.10"]
[Round "7.7"]
[White "Anurag,M"]
[Black "Cabrera,Ale"]
[Result "0-1"]
[WhiteElo "2418"]
[BlackElo "2525"]

1.e4 c5 2.Nf3 Nc6 3.Bb5 g6 4.O-O Bg7 5.c3 Nf6 6.Re1 O-O 7.h3 Qb6 8.Bf1 d6
9.Na3 Bd7 10.d3 a6 11.Bg5 h6 12.Nc4 Qc7 13.Bxf6 Bxf6 14.d4 cxd4 15.cxd4 b5
16.Ne3 Qa7 17.Nc2 Bg7 18.Qd2 Qb6 19.Rad1 Rfd8 20.d5 Ne5 21.Nxe5 Bxe5 22.Nb4 Bg7
23.Nd3 Qd4 24.Rc1 e6 25.dxe6 Bxe6 26.b3 a5 27.Qe2 g5 28.Red1 Qb6 29.h4 a4
30.bxa4 bxa4 31.hxg5 hxg5 32.Rb1 Qa6 33.Qh5 Qc4 34.Qxg5 Qxe4 35.Nc5 Qe5 36.Nxe6 fxe6
37.Qg4 Ra7 38.Rb6 Rf7 39.Rc6 Rf5 40.Qh3  0-1

[Event "St. Pauli Open 2013"]
[Site "Hamburg GER"]
[Date "2013.07.10"]
[Round "5.21"]
[White "Krause,Benedict"]
[Black "Voege,Tobias"]
[Result "1-0"]
[WhiteElo "2128"]
[BlackElo "1874"]

1.e4 c5 2.Nf3 Nc6 3.Bb5 g6 4.Bxc6 bxc6 5.O-O Bg7 6.Re1 Nf6 7.e5 Nd5 8.c4 Nc7
9.d4 cxd4 10.Qxd4 Ne6 11.Qh4 a5 12.Bh6 Qb6 13.b3 Bxh6 14.Qxh6 Nd4 15.Nxd4 Qxd4
16.Nd2 Bb7 17.Rad1 Qb6 18.c5 Qxc5 19.Ne4 Qxe5 20.f4 Qb2 21.Nd6+ Kd8 22.Nxb7+  1-0

[Event "ch-BEL Open 2013"]
[Site "Antwerp BEL"]
[Date "2013.07.11"]
[Round "6.24"]
[White "Peleman,T"]
[Black "Cuypers,D"]
[Result "1-0"]
[WhiteElo "2022"]
[BlackElo "1849"]

1.e4 c5 2.Nf3 Nc6 3.Bb5 d6 4.Bxc6+ bxc6 5.O-O e5 6.h3 g5 7.c3 g4 8.hxg4 Bxg4
9.d4 cxd4 10.cxd4 Bg7 11.dxe5 Bxe5 12.Qd3 Bxf3 13.Qxf3 Qf6 14.Qxf6 Nxf6 15.Nd2 O-O
16.Rb1 Bf4 17.f3 d5 18.exd5 cxd5 19.Nb3 Bxc1 20.Rbxc1 Rac8 21.Nd4 Rxc1 22.Rxc1 Rb8
23.b3 Rd8 24.Rc6 Ne8 25.Kf2 Kf8 26.Ke3 Rd6 27.Rc8 f6 28.a4 Kf7 29.Ra8 Rd7
30.Nb5 d4+ 31.Nxd4 Nc7 32.Rh8 Nd5+ 33.Ke4 Kg7 34.Rc8 f5+ 35.Nxf5+ Kf7 36.Rc5 Nf6+
37.Ke5 Rd3 38.Rc7+ Kg6 39.Rg7+ Kh5 40.g4+  1-0

[Event "ch-BEL Open 2013"]
[Site "Antwerp BEL"]
[Date "2013.07.11"]
[Round "6.10"]
[White "De Herdt,Y"]
[Black "Bex,Lennert"]
[Result "1-0"]
[WhiteElo "2143"]
[BlackElo "1837"]

1.Nf3 c5 2.e4 Nc6 3.Bb5 g6 4.Bxc6 bxc6 5.O-O Bg7 6.Re1 Ba6 7.d3 Rb8 8.e5 Nh6
9.Nc3 Nf5 10.Rb1 Nd4 11.Ne4 Qa5 12.Bd2 Qb5 13.Nf6+ Kd8 14.Ne4 Kc7 15.Bf4 Ne6
16.Bg3 Kb7 17.b3 Ka8 18.Neg5 Nxg5 19.Nxg5 Rbf8 20.Qg4 Bc8 21.Qe2 h6 22.Ne4 Re8
23.Qd2 Rhf8 24.h3 g5 25.Kh1 f5 26.Nc3 Qb6 27.f4 g4 28.h4 Qb4 29.Rbd1 d6 30.a3 Qa5
31.b4 Qb6 32.Bf2 dxe5 33.fxe5 Qc7 34.Qf4 cxb4 35.axb4 Rd8 36.Ra1 a6 37.Ra5 Rd7
38.Rea1 Bb7 39.Na4 Rd5 40.Nb6+ Kb8 41.Nxd5 cxd5 42.Qd4 Bc8 43.Rxd5  1-0

[Event "Universiade Men"]
[Site "Kazan RUS"]
[Date "2013.07.11"]
[Round "4.1"]
[White "Onischuk,V"]
[Black "Li Chao2"]
[Result "1/2-1/2"]
[WhiteElo "2576"]
[BlackElo "2686"]

1.e4 c5 2.Nf3 Nc6 3.Bb5 g6 4.Bxc6 bxc6 5.O-O Bg7 6.Re1 Nh6 7.h3 O-O 8.c3 f6
9.d4 cxd4 10.cxd4 Nf7 11.Nc3 Qb6 12.b3 d6 13.Be3 a5 14.Rc1 Ba6 15.Qc2 Qb7
16.h4 e6 17.h5 gxh5 18.Ne2 Bxe2 19.Qxe2 a4 20.Rc3 axb3 21.axb3 Qb5 22.Qc2 Nd8
23.d5 cxd5 24.Nd4 Qb4 25.exd5 f5 26.Rd1 f4 27.Rc4 Qb7 28.Bc1 Qxd5 29.Nf3 Qf5
30.Qxf5 Rxf5 31.Rxd6 e5 32.b4 Rf8 33.Ng5 Nf7 34.Nxf7 Rxf7 35.b5 Ra1 36.Kh2 Rb1
37.b6 Bf6 38.Re6 Kg7 39.Bd2 Kg6 40.Bc3 Kf5 41.Rcc6 Bg7 42.Red6 Bf6 43.Rd5 Rb7
44.Rcc5 Ke6 45.Bxe5 Be7 46.Bc7 Bxc5 47.Rxc5 R1xb6 48.Bxb6 Rxb6 49.Rxh5 Rb7
50.Kh3 Rg7 51.Ra5  1/2-1/2

[Event "Commonwealth & RSA Open"]
[Site "Port Elizabeth RSA"]
[Date "2013.07.11"]
[Round "8.15"]
[White "Chandna,Priyav"]
[Black "Kiran,M"]
[Result "0-1"]
[WhiteElo "1729"]
[BlackElo "2259"]

1.e4 c5 2.Nf3 Nc6 3.Bb5 e6 4.Nc3 Nge7 5.O-O a6 6.Bxc6 Nxc6 7.d4 cxd4 8.Nxd4 Qc7
9.Nxc6 bxc6 10.Be3 d6 11.f4 Rb8 12.Rb1 Be7 13.Qg4 O-O 14.f5 Bf6 15.Bg5 exf5
16.exf5 Qb6+ 17.Kh1 Bxc3 18.Be7 Re8 19.Bxd6 Rb7 20.Qg3 Bf6 21.Rfe1 Rd8  0-1

[Event "Commonwealth & RSA Open"]
[Site "Port Elizabeth RSA"]
[Date "2013.07.11"]
[Round "8.2"]
[White "Fedorchuk,S"]
[Black "Roy Chowdhury,S"]
[Result "1/2-1/2"]
[WhiteElo "2667"]
[BlackElo "2500"]

1.e4 c5 2.Nf3 Nc6 3.Bb5 d6 4.O-O Bd7 5.Re1 Nf6 6.c3 a6 7.Bf1 Bg4 8.h3 Bxf3
9.Qxf3 g6 10.Qd1 Bg7 11.d4 cxd4 12.cxd4 e5 13.d5 Nd4 14.Be3 Nd7 15.Nd2 O-O
16.Nb3 Nxb3 17.Qxb3 b6 18.Rac1 Nc5 19.Qc2 a5 20.a3 a4 21.Bb5 Bf6 22.Rb1 Bg5
23.Bxc5 bxc5 24.Bxa4 Qa5 25.Bc6 Rab8 26.Red1 f5 27.exf5 gxf5 28.b4 cxb4 29.Rb3 Bd8
30.Rdb1 Qa7 31.Qa2 Ba5 32.axb4 Bb6 33.Ra3 Qe7 34.Ra8 Rfd8 35.Rxb8 Rxb8 36.Qc2 e4
37.Re1 e3 38.fxe3 f4 39.Qf5 Bxe3+ 40.Kh1 Rxb4 41.Bd7  1/2-1/2

[Event "ch-BEL Open 2013"]
[Site "Antwerp BEL"]
[Date "2013.07.12"]
[Round "7.5"]
[White "Van Cappellen,J"]
[Black "Daels,M"]
[Result "0-1"]
[WhiteElo "2144"]
[BlackElo "2213"]

1.e4 c5 2.Nf3 Nc6 3.Bb5 Nf6 4.Bxc6 dxc6 5.d3 Bg4 6.h3 Bh5 7.Nbd2 Nd7 8.b3 e5
9.Nc4 Qc7 10.Ne3 O-O-O 11.Bd2 f6 12.a4 Bd6 13.Bc3 Nf8 14.g4 Bf7 15.Nd2 Ne6
16.f3 h5 17.Kf2 Rh7 18.Ng2 Rdh8 19.Rf1 hxg4 20.hxg4 Rh2 21.Nc4 Nf4 22.Rg1 Nh3+
23.Ke2 Nxg1+ 24.Qxg1 Bf8 25.Bd2 g6 26.Be3 R8h3 27.Bf2 Bxc4 28.dxc4 Qh7 29.Ne1 Rh1
30.Qg2 R3h2 31.Qg3 Rh3 32.Qg2 R3h2 33.Qg3 Bh6 34.g5 Bxg5 35.Rd1 Qh4  0-1

[Event "ch-BEL Open 2013"]
[Site "Antwerp BEL"]
[Date "2013.07.12"]
[Round "7.32"]
[White "Wijgers,T"]
[Black "Ismail,Tamer"]
[Result "0-1"]
[WhiteElo "1960"]
[BlackElo "1805"]

1.e4 c5 2.Nf3 Nc6 3.Bb5 g6 4.O-O Bg7 5.Re1 e5 6.Bxc6 bxc6 7.d3 d6 8.Nbd2 Ne7
9.Nc4 O-O 10.Be3 f5 11.Bg5 Be6 12.b3 Qd7 13.Qd2 f4 14.Bxe7 Qxe7 15.Kh1 g5
16.Ng1 g4 17.f3 h5 18.Qe2 Rad8 19.Qf1 Qg5 20.Re2 Rf6 21.Qe1 Rg6 22.Rd1 h4
23.fxg4 Bxg4 24.Nf3 Qh5 25.Qxh4 Bxf3 26.Qxd8+ Kh7 27.Rf2 Bxg2+  0-1

[Event "4th Borloy Mem FSGM 2013"]
[Site "Budapest HUN"]
[Date "2013.07.12"]
[Round "6.1"]
[White "Vuilleumier,A"]
[Black "Blomqvist,E"]
[Result "0-1"]
[WhiteElo "2321"]
[BlackElo "2483"]

1.e4 c5 2.Nf3 Nc6 3.Bb5 Nf6 4.Bxc6 dxc6 5.d3 Bg4 6.h3 Bh5 7.Nbd2 Nd7 8.b3 f6
9.Bb2 e5 10.O-O Be7 11.Qe1 Nf8 12.Nh4 Ne6 13.Nf5 Bf8 14.g3 Nd4 15.Bxd4 cxd4
16.f4 Qc7 17.fxe5 fxe5 18.g4 Bf7 19.Qh4 h6 20.Nc4 Rd8 21.g5 b5 22.Nd2 h5
23.g6 Bxg6 24.Kh1 Bf7 25.Nf3 Rd7 26.Qg3 g6 27.N5h4 Rg8 28.Ng5 Rg7 29.Rf2 Be7
30.Raf1 Bg8 31.Nhf3 Bd6 32.h4 c5 33.Qh3 Ke7 34.Nd2 Rd8 35.Rf6 Qc8 36.Qf3 Qg4
37.Qf2 Bc7 38.Rf8 Kd7 39.Rxd8+ Bxd8 40.Ndf3 Re7 41.Nh2 Qf4 42.Qxf4 exf4 43.Rxf4 Re8
44.Nhf3 a5 45.Kg2 a4 46.Kf1 a3 47.Ke2 Kc7 48.Kd2 Kb6 49.Ng1 c4 50.dxc4 bxc4
51.Ne2 Kc5 52.Nc1 Bxg5 53.hxg5 Re5 54.Rf8 Be6 55.Rf6 Rxe4 56.bxc4 Bf5 57.Nd3+ Kxc4
58.Ra6 Rg4 59.Ne5+ Kb5 60.Rxa3 Rg2+ 61.Ke1 Rxc2 62.Nf3 Kb4 63.Ra6 d3 64.Nh4 d2+
65.Kd1 Bg4+  0-1

[Event "28th Gniot Mem 2013"]
[Site "Police POL"]
[Date "2013.07.12"]
[Round "3.5"]
[White "Szyszylo,R"]
[Black "Yagupov,I"]
[Result "1/2-1/2"]
[WhiteElo "2201"]
[BlackElo "2389"]

1.e4 c5 2.Nf3 Nc6 3.Bb5 e6 4.Bxc6 bxc6 5.Qe2 f6 6.d3 g6 7.b3 e5 8.c4 d6 9.Nc3 Nh6
10.Bd2 Bg7 11.O-O-O O-O 12.h3 f5 13.Kc2 Nf7 14.Rdg1 Bh6 15.Be1 Kh8 16.g4 Bf4
17.gxf5 gxf5 18.h4 Rg8 19.Rxg8+ Qxg8 20.Rg1 Qf8 21.Bd2 Bxd2 22.Nxd2 Qh6 23.Qf3 f4
24.Qg2 Bd7 25.Nf3 Rf8 26.Nb1 Nd8 27.Ng5 Qf6 28.Nd2 h6 29.Ngf3 Be6 30.Qh2 Rg8
31.Kd1 Bg4 32.Ke1 Ne6 33.Kf1 Rg7 34.Ng5 Nxg5 35.hxg5 Rxg5 36.Qh4 Bh5 37.Rxg5 Qxg5
38.Qh3 Bg4 39.Qh1 f3 40.Nxf3 Qf4 41.Ne1 Kg7 42.f3 Be6 43.Qh5 Qd2 44.Qh4 Kg6
45.Qg3+ Kf7 46.Qh4 Ke8 47.Qg3 Kd8 48.Qf2 Qg5 49.Qg2 Qe3 50.Qf2 Bh3+ 51.Kg1 Qf4
52.Qh2 Qg5+ 53.Kf2 Bd7 54.Qg2 Qc1 55.Kf1 Kc7 56.Qh2 Qe3 57.Qf2 Bh3+ 58.Kg1 Qf4
59.Qh2 Qg5+ 60.Kf2 Bd7 61.Qg2 Qc1 62.Kf1 Kb6 63.Qh2 Ka5 64.a3 Kb6 65.b4 Qxa3
66.bxc5+ Qxc5 67.Qxh6 a5 68.Qh8 Kc7 69.Qa8 Bc8 70.Ke2 Bb7 71.Qf8 a4 72.Nc2 a3
73.Qh6 a2 74.Qc1 Qb6 75.Qa3 Qb1 76.Kd2 Bc8 77.Qa5+ Kd7 78.Qa4 Qb2 79.Kd1 Ke7
80.Qa7+ Bd7 81.Kd2 Ke6 82.Qa8 Kf7 83.Qa7 Ke7 84.Qa8 Bh3 85.Qa7+ Kf6 86.Qa8 Kg7
87.Qa7+ Kg6 88.Qg1+ Kf6 89.Qa7 Be6 90.Qa8 Kg6 91.Qa7 c5 92.Qe7 a1=Q 93.Qxe6+ Kg7
94.Qe7+ Kg8  1/2-1/2

[Event "43rd Nat Jun ch-IND U19"]
[Site "Lucknow IND"]
[Date "2013.07.13"]
[Round "6.1"]
[White "Das,Say"]
[Black "Aravindh,Chithambaram VR."]
[Result "1-0"]
[WhiteElo "2368"]
[BlackElo "2306"]

1.e4 c5 2.Nf3 Nc6 3.Bb5 g6 4.Bxc6 dxc6 5.O-O Bg7 6.d3 Nf6 7.Nc3 Nd7 8.Be3 e5
9.Nd2 O-O 10.a4 a5 11.Nc4 b6 12.Qd2 Ba6 13.b3 Re8 14.Ne2 Nf8 15.Bh6 Bh8 16.f4 exf4
17.Qxf4 Ra7 18.Rad1 Ne6 19.Qg3 Nd4 20.Nxd4 Bxd4+ 21.Kh1 b5 22.Ne3 Be5 23.Bf4 Bg7
24.Bd6 bxa4 25.Bxc5 Rb7 26.bxa4 Re5 27.Ba3 Qd4 28.Rb1 Rxb1 29.Rxb1 Re8 30.Rf1 Qxa4
31.Qc7 f5 32.Qd7 Rc8 33.Nd5 Qd4 34.Ne7+ Kf7 35.Qxd4 Bxd4 36.Nxc8 Bxc8 37.exf5 gxf5
38.Rb1 Ke6 39.Re1+ Kf6 40.Re8 Be6 41.Ra8 Bc3 42.Bc5 Bd5 43.Bb6 f4 44.Bxa5 Bd4
45.c4 Be6 46.Rf8+ Kg5 47.Bd2 Bf5 48.h3 h5 49.Rg8+ Kf6 50.Rf8+ Ke5 51.Re8+ Kf6
52.Bxf4 Bxd3 53.Rc8 c5 54.Bd6 Ke6 55.Bxc5 Kd7 56.Bxd4 Kxc8 57.c5 Kd7 58.Kh2 Ke6
59.Be3 Be4 60.g4 hxg4 61.hxg4 Ke5 62.Kg3 Bc6 63.Kh4 Be8 64.Kg5 Bd7 65.Kh5 Kf6
66.g5+ Kf7 67.g6+ Kf6 68.Bd4+ Ke7 69.Kh6 Bf5 70.g7 Kf7 71.c6 Be4 72.c7 Bf5
73.c8=Q Bxc8 74.Kh7 Bf5+ 75.Kh8 Bh7 76.Kxh7  1-0

[Event "Commonwealth & RSA Open"]
[Site "Port Elizabeth RSA"]
[Date "2013.07.13"]
[Round "10.32"]
[White "Zwakala,Ntando"]
[Black "Marais,Franco"]
[Result "1/2-1/2"]
[WhiteElo "2069"]
[BlackElo "1809"]

1.e4 c5 2.Nf3 Nc6 3.Bb5 e6 4.O-O Nge7 5.Re1 a6 6.Bf1 Qc7 7.Nc3 Ng6 8.d3 Be7
9.g3 O-O 10.h4 Bd6 11.Bg2 b6 12.h5 Nge5 13.Nh2 Nd4 14.Ne2 Nxe2+ 15.Qxe2 Nc6
16.c3 f5 17.exf5 exf5 18.Bd5+ Kh8 19.Nf3 Bb7 20.Nh4 Ne5 21.Bxb7 Qxb7 22.Bf4 Nf7
23.Bxd6 Nxd6 24.Ng6+ hxg6 25.hxg6 Nf7 26.gxf7 Rxf7 27.Qh5+ Kg8 28.Re5 Raf8
29.Rae1 Qc6 30.c4 g6 31.Qe2 Rh7 32.f3 Qf6 33.Re8 Rf7 34.Kg2 Kg7 35.Rh1 Rxe8
36.Qxe8 Qxb2+ 37.Kg1 Qc1+  1/2-1/2

[Event "Commonwealth & RSA Open"]
[Site "Port Elizabeth RSA"]
[Date "2013.07.13"]
[Round "10.35"]
[White "Willenberg,C"]
[Black "Darling,Paul D."]
[Result "1-0"]
[WhiteElo "2054"]
[BlackElo "1761"]

1.e4 c5 2.Nf3 Nc6 3.Bb5 e6 4.O-O Nge7 5.c4 a6 6.Ba4 g6 7.d4 cxd4 8.Nxd4 Bg7
9.Nxc6 Nxc6 10.Nc3 O-O 11.Bf4 Ne5 12.Qe2 Qc7 13.Bb3 d6 14.Rfd1 Re8 15.Rac1 b6
16.Qd2 Bf8 17.Ba4 Re7 18.b3 Qa7 19.Qxd6 Ng4 20.h3 e5 21.hxg4 Re6 22.Qd2 exf4
23.Qxf4 g5 24.Qe3 Bb7 25.Rd7 Qb8 26.Qxg5+ Rg6  1-0

[Event "3rd SPAChess Open"]
[Site "Amsterdam NED"]
[Date "2013.07.14"]
[Round "8.3"]
[White "Willemze,T"]
[Black "Maryasin,B"]
[Result "1-0"]
[WhiteElo "2420"]
[BlackElo "2335"]

1.e4 c5 2.Nf3 Nc6 3.Bb5 g6 4.Bxc6 dxc6 5.d3 Bg7 6.h3 Nf6 7.Nc3 Nd7 8.O-O e5
9.Nh2 Nf8 10.f4 exf4 11.Bxf4 Ne6 12.Bg3 O-O 13.Qd2 c4 14.Nf3 cxd3 15.cxd3 Nd4
16.Kh1 Be6 17.Bf4 b5 18.Bh6 b4 19.Bxg7 Kxg7 20.Nxd4 Qxd4 21.Ne2 Qd6 22.Nf4 Bd7
23.Qe3 Rfe8 24.d4 c5 25.Qg3 Kh8 26.e5 Qc6 27.d5 Qa6 28.e6 Bb5 29.Nxg6+  1-0

[Event "ch-BEL Open 2013"]
[Site "Antwerp BEL"]
[Date "2013.07.14"]
[Round "9.38"]
[White "Wijgers,T"]
[Black "Bex,Lennert"]
[Result "1/2-1/2"]
[WhiteElo "1960"]
[BlackElo "1837"]

1.e4 c5 2.Nf3 Nc6 3.Bb5 g6 4.O-O Bg7 5.Re1 Nd4 6.Nxd4 Bxd4 7.d3 Bg7 8.c3 a6
9.Bc4 e6 10.Nd2 Ne7 11.Bb3 O-O 12.f4 d6 13.Nf3 e5 14.Rf1 h6 15.Qe1 Bg4 16.Qg3 Bxf3
17.Rxf3 exf4 18.Bxf4 d5 19.exd5 Nxd5 20.Bd6 Ne7 21.Re1 Nf5 22.Rxf5 gxf5 23.Re7 f4
24.Qg6 Qb6 25.Rxb7 Qxb3 26.Qxg7+ Kxg7 27.Bxf8+ Kxf8 28.Rxb3 Rd8 29.c4 Ke7
30.Kf2 Kf6 31.Rb6+ Kg5 32.Rxa6 Rxd3 33.Rc6 Rd2+ 34.Kf3 Rxb2  1/2-1/2

[Event "Styrian Open A 2013"]
[Site "Bad Gleichenberg AUT"]
[Date "2013.07.14"]
[Round "9.3"]
[White "Okhotnik,V"]
[Black "Perunovic,Mil"]
[Result "0-1"]
[WhiteElo "2395"]
[BlackElo "2620"]

1.e4 c5 2.Nf3 Nc6 3.Bb5 d6 4.Bxc6+ bxc6 5.e5 d5 6.c4 Bf5 7.Qa4 Qd7 8.d4 e6
9.dxc5 Bxc5 10.b4 Bb6 11.c5 Bc7 12.O-O Ne7 13.Nbd2 O-O 14.Nb3 f6 15.Bb2 Ng6
16.exf6 e5 17.fxg7 Qxg7 18.Qxc6 Nf4 19.Nh4 Rae8 20.g3 Bh3 21.Kh1 Re6 22.Qb7 Nd3
23.Bc3 d4 24.Bd2 Nxf2+ 25.Kg1 e4 26.Rfe1 e3 27.Nxd4 Qxd4 28.Nf3 exd2  0-1

[Event "7th LCT 2013"]
[Site "Leiden NED"]
[Date "2013.07.14"]
[Round "3.11"]
[White "Zhou,Y"]
[Black "Lecomte,Robin"]
[Result "1-0"]
[WhiteElo "2469"]
[BlackElo "1930"]

1.e4 c5 2.Nf3 Nc6 3.Bb5 Nd4 4.Nxd4 cxd4 5.O-O a6 6.Ba4 b5 7.Bb3 e6 8.d3 Bb7
9.f4 Qb6 10.Nd2 Ne7 11.Nf3 Nc6 12.f5 Be7 13.Bg5 Qd8 14.Bd2 Bf6 15.Qe1 Qc7
16.a4 O-O 17.axb5 axb5 18.Rxa8 Bxa8 19.Bg5 Bxg5 20.Nxg5 h6 21.Nf3 Ne5 22.Qb4 Nxf3+
23.Rxf3 Qe5 24.fxe6 dxe6 25.Qe7 Qb8 26.Qd7 Qe5 27.Rxf7 Rxf7 28.Qe8+ Rf8 29.Bxe6+ Kh7
30.Bg8+  1-0

[Event "10th South Wales Int 2013"]
[Site "Penarth WLS"]
[Date "2013.07.14"]
[Round "2.4"]
[White "Kett,T"]
[Black "Petrov,Marij"]
[Result "0-1"]
[WhiteElo "2230"]
[BlackElo "2478"]

1.e4 c5 2.Nf3 Nc6 3.Bb5 g6 4.Bxc6 dxc6 5.O-O Bg7 6.d3 Nf6 7.Nbd2 Nd7 8.Nc4 Nf8
9.Be3 Ne6 10.Qd2 b5 11.Na5 Bxb2 12.Rab1 Bg7 13.Nxc6 Qc7 14.Na5 b4 15.Nc4 Ba6
16.Nb2 O-O 17.Bh6 Bc3 18.Qc1 Rfd8 19.Nd1 Bh8 20.Ne3 Bb7 21.Nc4 a5 22.Kh1 Rd7
23.Ng5 Nd4 24.f4 f6 25.Nf3 Ba6 26.f5 Bxc4 27.dxc4 Rad8 28.Nh4 g5 29.Nf3 Nxf3
30.gxf3 Rd2 31.f4 Qc6 32.Qe1 Rxc2 33.fxg5 Rdd2 34.Qh4 Qd6  0-1

[Event "17th Battle of Senta"]
[Site "Senta SRB"]
[Date "2013.07.14"]
[Round "2.7"]
[White "Dudukovic,N"]
[Black "Farkas,Ti"]
[Result "1-0"]
[WhiteElo "2321"]
[BlackElo "2250"]

1.e4 c5 2.Nf3 Nc6 3.Bb5 d6 4.d4 cxd4 5.Nxd4 Bd7 6.O-O Nf6 7.Nc3 g6 8.h3 Bg7
9.Be3 O-O 10.Nxc6 Bxc6 11.Bxc6 bxc6 12.Qd3 Nd7 13.Rab1 Ne5 14.Qe2 c5 15.Rfd1 Qa5
16.Nd5 Nc6 17.Bg5 Rfe8 18.Bd2 Qd8 19.Qa6 Qc8 20.Qa4 e6 21.Ne3 Rd8 22.Bc3 Nd4
23.Rd2 Qb7 24.Bxd4 Qxe4 25.Rbd1 cxd4 26.c3 Qb7 27.cxd4 d5 28.Nc2 Rdc8 29.Na1 Rc4
30.Qa3 Qb6 31.Qe3 Rac8 32.Nb3 a5 33.Nc5 Bxd4 34.Rxd4 Qxc5 35.Rxc4 Qxc4 36.b3 Qc2
37.Qd2 Qxd2 38.Rxd2 Rc1+ 39.Kh2 Kf8 40.Kg3 Ke7 41.Rd4 Rc3+ 42.f3 Rc5 43.Rh4 h5
44.Ra4 e5 45.Kf2 Ke6 46.Ke3 d4+ 47.Kd2 Kf5 48.a3 h4 49.b4 axb4 50.Rxb4 Rc3
51.a4 Ra3 52.Kc2 Kf4 53.Kb2 Rc3 54.a5 Rc5 55.Ra4 Ke3 56.a6 Rc8 57.a7 Ra8
58.Kc2 f5 59.Kd1 Kf2 60.Ra2+ Kg3 61.Ke1 d3 62.Kd1 d2 63.Kxd2 Kxg2 64.Ke3+ Kxh3
65.f4 e4 66.Ra6 g5 67.fxg5 Kg3 68.g6 f4+ 69.Kxe4 f3 70.g7 Re8+ 71.Kd4 Rd8+
72.Kc5 f2 73.a8=Q  1-0

[Event "17th Battle of Senta"]
[Site "Senta SRB"]
[Date "2013.07.14"]
[Round "2.14"]
[White "Savic,Draga"]
[Black "Vranic,L"]
[Result "0-1"]
[WhiteElo "2106"]
[BlackElo "2225"]

1.e4 c5 2.Nf3 Nc6 3.Bb5 g6 4.O-O Bg7 5.c3 e5 6.Bxc6 dxc6 7.d3 b6 8.a4 Ba6
9.Ne1 c4 10.a5 Nf6 11.axb6 axb6 12.Qa4 Bb7  0-1

[Event "Czech Open G1 Rapid 2013"]
[Site "Pardubice CZE"]
[Date "2013.07.17"]
[Round "3.21"]
[White "Kovalev,An"]
[Black "Gutenev,A"]
[Result "0-1"]
[WhiteElo "2470"]
[BlackElo "2350"]

1.e4 c5 2.Nf3 Nc6 3.Bb5 g6 4.Bxc6 bxc6 5.O-O Bg7 6.c3 Nh6 7.d4 Qb6 8.h3 O-O
9.Re1 d5 10.exd5 cxd5 11.Qb3 cxd4 12.Qxb6 axb6 13.Bxh6 Bxh6 14.cxd4 e6 15.Nc3 Ba6
16.Ne5 Ra7 17.Na4 Rb7 18.Rad1 Rc8 19.Nc3 b5 20.g3 b4 21.Na4 Bb5 22.Nc5 Ra7
23.Ra1 Rca8 24.a4 bxa3 25.bxa3 Bd2 26.Red1 Bc3 27.Rac1 Be2 28.Re1 Bxe1 29.Rxe1 Bb5
30.Rb1 Be8 31.a4 Bxa4 32.Kg2 Bc2 33.Re1 Ra1 34.Re2 R1a2 35.Re1 Rb8 36.g4 Rbb2
37.Kg3 g5 38.h4 gxh4+ 39.Kxh4 Bg6 40.f3 Rd2 41.Ncd7 Rxd4 42.Nf6+ Kg7 43.Ne8+ Kf8
44.Nf6 h6 45.Rc1 Ke7 46.Nc6+ Kxf6 47.Nxd4 Ra3 48.Kg3 Rd3 49.Ne2 e5 50.Kf2 Rd2
51.Ke3 Ra2 52.Rc6+ Kg7 53.Rd6 d4+ 54.Nxd4 exd4+ 55.Rxd4 Ra3+ 56.Kf4 Bd3 57.Kg3 Be2
58.Rf4 Kg6 59.Rf5 h5 60.Rxh5 Rxf3+ 61.Kh4 f6 62.Rh8 Bf1  0-1

[Event "22nd Open ch-MKD"]
[Site "Struga MKD"]
[Date "2013.07.17"]
[Round "5.4"]
[White "Organdziev,O"]
[Black "Tuzi,Bruna"]
[Result "1-0"]
[WhiteElo "2291"]
[BlackElo "1643"]

1.e4 c5 2.Nf3 Nc6 3.Bb5 e6 4.Bxc6 bxc6 5.O-O Ne7 6.b3 Ng6 7.Bb2 Qc7 8.e5 Be7
9.Qe2 O-O 10.Qe3 Bb7 11.c4 Rad8 12.Nc3 f6 13.exf6 Rxf6 14.Ne4 Rf5 15.d4 cxd4
16.Nxd4 Rf4 17.c5 Ba6 18.Rfe1 Rdf8 19.g3 R4f7 20.Rad1 Ne5 21.f4 Ng4 22.Qf3 Nh6
23.Qg2 Nf5 24.Nf3 Bc8 25.Ne5 d5 26.cxd6 Qb6+ 27.Qf2 Bf6 28.Qxb6 axb6 29.d7 Bxd7
30.Nxf6+ gxf6 31.Nxd7  1-0

[Event "43rd Nat Jun ch-IND U19"]
[Site "Lucknow IND"]
[Date "2013.07.18"]
[Round "11.2"]
[White "Praneeth,S"]
[Black "Aravindh,Chithambaram VR."]
[Result "0-1"]
[WhiteElo "2226"]
[BlackElo "2306"]

1.e4 c5 2.Nf3 Nc6 3.Bb5 g6 4.Bxc6 dxc6 5.d3 Bg7 6.h3 Nf6 7.Nc3 Nd7 8.Be3 e5
9.Qd2 h6 10.O-O Qe7 11.Nh2 Nf8 12.f4 exf4 13.Bxf4 Ne6 14.Bg3 Qg5 15.Qe1 Nd4
16.Qf2 Be6 17.Bh4 Qe5 18.Ng4 Qc7 19.Nf6+ Kf8 20.Rae1 Rd8 21.Nd1 b6 22.Ne3 Nb5
23.Kh1 Nd6 24.Neg4 g5 25.Bg3 h5 26.Ne5 Rh6 27.Nfd7+ Rxd7 28.Nxd7+ Qxd7 29.Qe3 Rg6
30.c3 Kg8 31.a3 a5 32.Rd1 a4 33.Bh2 Qe7 34.Qg3 Bf8 35.Rde1 h4 36.Qf2 Bg7
37.Qc2 b5 38.Qf2 Ne8 39.Bg1 Bf8 40.Qe3 Ng7 41.d4 cxd4 42.cxd4 Bc4 43.Rf2 Nh5
44.Bh2 Bh6 45.Qf3 g4 46.hxg4 Rf6 47.gxh5 Rxf3 48.gxf3 Kh7 49.Rg2 Qf6  0-1

[Event "Lueneburg IM 2013"]
[Site "Lueneburg GER"]
[Date "2013.07.18"]
[Round "4.1"]
[White "Hinrichs,Lars"]
[Black "Koop,Tho"]
[Result "0-1"]
[WhiteElo "1997"]
[BlackElo "2151"]

1.e4 c5 2.Nf3 Nc6 3.Bb5 g6 4.Bxc6 bxc6 5.O-O Bg7 6.c3 Nf6 7.Re1 O-O 8.d4 cxd4
9.cxd4 d6 10.Qc2 Bg4 11.e5 Nd5 12.Qxc6 Bxf3 13.gxf3 dxe5 14.dxe5 Rc8 15.Qb5 Bxe5
16.Qe2 Qd6 17.h3 Bg7 18.Na3 Qd7 19.Qe4 Rc6 20.Rd1 Rd8 21.Nc4 f5 22.Qe2 Nc3  0-1